Divorce and gender equity in Muslim personal law of India / (Record no. 90306)

MARC details
000 -LEADER
fixed length control field 00680nam a22001937a 4500
005 - DATE AND TIME OF LATEST TRANSACTION
control field 20141211112330.0
010 ## - LCCN (DPL NO)
LC control number ENG-111384
020 ## - INTERNATIONAL STANDARD BOOK NUMBER
International Standard Book Number 9789351431060
Terms of availability 495.00
035 ## - SYSTEM CONTROL NUMBER
System control number EN-94916
037 ## - SOURCE OF ACQUISITION
Source of stock number/acquisition DBAD/PUB
082 ## - DEWEY DECIMAL CLASSIFICATION NUMBER
Classification number 340.59
100 ## - MAIN ENTRY--PERSONAL NAME
Personal name Edappagath, Kauser
245 ## - TITLE STATEMENT
Title Divorce and gender equity in Muslim personal law of India /
Statement of responsibility, etc by Kauser Edappagath ; foreworded by S.A. Kader
260 ## - PUBLICATION, DISTRIBUTION, ETC. (IMPRINT)
Place of publication, distribution, etc Gurgaon
Name of publisher, distributor, etc Lexis Nexis
Date of publication, distribution, etc 2014
270 ## - ADDRESS
Address 14th Floor, Building No.10, Tower-B, DLF Cyber City, Phase-II
City Gurgaon
Postal code 122002
300 ## - PHYSICAL DESCRIPTION
Extent xxx, 283p.
Dimensions 24cm(pbk)
500 ## - GENERAL NOTE
General note Includes bibliographical references and index
942 ## - ADDED ENTRY ELEMENTS (KOHA)
Source of classification or shelving scheme Dewey Decimal Classification
Item type English Books
Call number suffix EDA
Classification part 340.59
Holdings
Withdrawn status Lost status Not for loan Collection code Home library Current library Date acquired Source of acquisition Cost, normal purchase price Full call number Barcode Copy number Cost, replacement price Koha item type
    Not For Loan Non-fiction D.B.Act.Division D.B.Act.Division 28/11/2014 DBAD/PUB 495.00 340.59 EDA EN-94916 1 495.00 English Books

© Delhi Public Library
Hit Counter
free hit counter